Limca book of records, 2020-2022: (Record no. 187772)

MARC details
000 -LEADER
fixed length control field 00810nam a22001937a 4500
008 - FIXED-LENGTH DATA ELEMENTS--GENERAL INFORMATION
fixed length control field 220428b ||||| |||| 00| 0 eng d
010 ## - LCCN (DPL NO)
LC control number B-744582
020 ## - INTERNATIONAL STANDARD BOOK NUMBER
International Standard Book Number 9789388322980
Terms of availability 550.00
035 ## - SYSTEM CONTROL NUMBER
System control number B-744582
037 ## - SOURCE OF ACQUISITION
Stock number dpl
Source of stock number/acquisition Uppal Book Store
082 ## - DEWEY DECIMAL CLASSIFICATION NUMBER
Classification number 032.02
245 ## - TITLE STATEMENT
Title Limca book of records, 2020-2022:
Remainder of title India at her best/
Statement of responsibility, etc edited by Vijaya Ghose
260 ## - PUBLICATION, DISTRIBUTION, ETC. (IMPRINT)
Place of publication, distribution, etc Gurugram
Name of publisher, distributor, etc Hachette Book Publishing India Pvt. Ltd.
Date of publication, distribution, etc 2022
270 ## - ADDRESS
Address 4th & 5th Floors, Corporate Center, Plot No. 94,Sector 44
City Gurugram
Postal code 122003
300 ## - PHYSICAL DESCRIPTION
Extent viii,504p.
Other physical details ill.
Dimensions 27cm(Hb)
500 ## - GENERAL NOTE
General note Coloured Illustrations and pictures
942 ## - ADDED ENTRY ELEMENTS (KOHA)
Source of classification or shelving scheme Dewey Decimal Classification
Item type Reference Books
Classification part 032.02
Call number suffix LIM
Holdings
Withdrawn status Lost status Source of classification or shelving scheme Damaged status Not for loan Collection code Home library Current library Shelving location Date acquired Source of acquisition Cost, normal purchase price Total Checkouts Full call number Barcode Date last seen Cost, replacement price Koha item type
    Dewey Decimal Classification   Not For Loan Reference Central Library Central Library Reference 21/04/2022 Uppal Book Store 550.00   032.02 LIM B-744582 28/04/2022 550.00 English Books

© Delhi Public Library
Hit Counter
free hit counter